书目信息 |
| 题名: |
扎拉嘎胡文集 一
|
|
| 作者: | 扎拉嘎胡 著 | |
| 分册: | 长篇小说卷 | |
| 出版信息: | 呼和浩特 远方出版社 2006 |
|
| 页数: | 384页 | |
| 开本: | 21cm | |
| 丛书名: | ||
| 单 册: | ||
| 中图分类: | I217.62 , I247.53 | |
| 科图分类: | ||
| 主题词: | 长篇小说--chang pian xiao shuo--中国--现代 , 历史小说--li shi xiao shuo--中国--现代 , 文学--作品集--中国 | |
| 电子资源: | ||
| ISBN: | 7-80595-903-X | |
| 000 | 01022nam0 2200301 450 | |
| 001 | CAL 0120065100901 | |
| 005 | 20061106111206.07 | |
| 010 | @a7-80595-903-X@dCNY38.90 | |
| 092 | @aCN@b502152 | |
| 099 | @aCAL 0120065100901 | |
| 100 | @a20061009d2006 ekmy0chiy0121 ea | |
| 101 | 0 | @achi |
| 102 | @aCN@b150000 | |
| 105 | @aa z 000zy | |
| 200 | 1 | @a扎拉嘎胡文集 一@Azha la ga hu wen ji yi@i长篇小说卷@f扎拉嘎胡著@Fzha la ga hu zhu |
| 210 | @a呼和浩特@c远方出版社@d2006 | |
| 215 | @a384页@c图@d21cm | |
| 330 | @a本书为中国当代文坛著名写作大师扎拉嘎胡的亲笔文集,收录了众多小说、散文和艺术评论等文章,本书收录的是长篇小说。 | |
| 600 | 0 | @a扎拉嘎胡,@Azha la ga hu@f(1930-)@j文集 |
| 606 | 0 | @a长篇小说@Achang pian xiao shuo@y中国@z现代 |
| 606 | 0 | @a历史小说@Ali shi xiao shuo@y中国@z现代 |
| 606 | 0 | @a文学@x作品集@x中国 |
| 690 | @aI217.62@v4 | |
| 690 | @aI247.53@v4 | |
| 701 | 0 | @a扎拉嘎胡@Azha la ga hu@4著 |
| 801 | 0 | @aCN@bLZJBOOK@c20061106 |
| 905 | @aBZT@dI217.62@e19-1 | |
| 906 | @dCNY38.90@n0@r1 | |
| 扎拉嘎胡文集 一.长篇小说卷/扎拉嘎胡著.-呼和浩特:远方出版社,2006 |
| 384页:图;21cm |
| ISBN 7-80595-903-X:CNY38.90 |
| 本书为中国当代文坛著名写作大师扎拉嘎胡的亲笔文集,收录了众多小说、散文和艺术评论等文章,本书收录的是长篇小说。 |
| ● |
| 相关链接 |
|
|
|
正题名:扎拉嘎胡文集 一
索取号:I217.62/19-1
 
预约/预借
| 序号 | 登录号 | 条形码 | 馆藏地/架位号 | 状态 | 备注 |
| 1 | 519932 | 230098871 | 中心书库中库/打包BH1300/ [索取号:I217.62/19-1] | 在馆 | |
| 2 | 519933 | 230098870 | 中心书库中库/打包BH1300/ [索取号:I217.62/19-1] | 在馆 | |
| 3 | 519934 | 230098874 | 中心书库中库/打包BH1300/ [索取号:I217.62/19-1] | 在馆 | |
| 4 | 519935 | 230098873 | 中心书库中库/打包BH1346/ [索取号:I217.62/19-1] | 在馆 | |
| 5 | 519936 | 230098872 | 中心书库中库/打包BH1346/ [索取号:I217.62/19-1] | 在馆 | |
| 6 | 519937 | 230100684 | 中心书库中库/打包BH1346/ [索取号:I217.62/19-1] | 在馆 | |
| 7 | 519938 | 230100685 | 中心书库中库/打包BH1346/ [索取号:I217.62/19-1] | 在馆 | |
| 8 | 519939 | 230100681 | 中心书库中库/打包BH1346/ [索取号:I217.62/19-1] | 在馆 | |
| 9 | 519940 | 230100680 | 中心书库中库/打包BH1346/ [索取号:I217.62/19-1] | 在馆 | |
| 10 | 519941 | 230100683 | 中心书库中库/打包BH1346/ [索取号:I217.62/19-1] | 在馆 | |
| 11 | 519942 | 230100682 | 中心书库中库/打包BH1300/ [索取号:I217.62/19-1] | 在馆 | |
| 12 | 519943 | 230100686 | 中心书库中库/打包BH1300/ [索取号:I217.62/19-1] | 在馆 | |
| 13 | 519944 | 230100679 | 中心书库中库/打包BH1300/ [索取号:I217.62/19-1] | 在馆 |